Wird geladen...

Politics /

Bibliographische Detailangaben
1. Verfasser: Heywood, Andrew
Format: Printed Book
Sprache:English
Veröffentlicht: New York : Palgrave Macmillan, 2013.
Ausgabe:4th ed.
Schriftenreihe:Palgrave foundations
Schlagworte:
LEADER 01593cam a2200301 a 4500
001 17366071
003 Ost
005 20180323222041.0
008 120628s2013 enka 000 0 eng
999 |c 10859  |d 10859 
020 |a 9780230363373 (hdbk.) 
020 |a 9780230396357 
082 0 0 |a 320  |b HEY'13 
100 1 |a Heywood, Andrew. 
245 1 0 |a Politics /  |c Andrew Heywood. 
250 |a 4th ed. 
260 |a New York :  |b Palgrave Macmillan,  |c 2013. 
300 |a xxii, 496 p.  
490 0 |a Palgrave foundations 
504 |a Includes bibliographical references (p. 460-475) and index. 
650 0 |a Political science. 
942 |2 ddc  |c REF 
952 |0 0  |1 0  |2 ddc  |4 0  |6 320_000000000000000_HEY13  |7 0  |8 REF  |9 21210  |a NUALS  |b NUALS  |c REF  |d 2018-03-23  |l 0  |o 320 HEY'13  |p 14836  |r 2018-03-23  |w 2018-03-23  |y REF 
952 |0 0  |1 0  |2 ddc  |4 0  |6 320_000000000000000_HEY131  |7 0  |9 21220  |a NUALS  |b NUALS  |d 2018-03-24  |l 11  |o 320 HEY'13;1  |p 14840  |r 2019-10-03  |s 2019-09-25  |w 2018-03-24  |y BK 
952 |0 0  |1 0  |2 ddc  |4 0  |6 320_000000000000000_HEY132  |7 0  |9 21221  |a NUALS  |b NUALS  |d 2018-03-24  |l 9  |m 1  |o 320 HEY'13;2  |p 14841  |r 2019-11-16  |s 2019-11-14  |w 2018-03-24  |y BK 
952 |0 0  |1 0  |2 ddc  |4 0  |6 320_000000000000000_HEY133  |7 0  |9 21222  |a NUALS  |b NUALS  |d 2018-03-24  |l 7  |m 1  |o 320 HEY'13;3  |p 14837  |r 2019-09-19  |s 2019-09-06  |w 2018-03-24  |y BK 
952 |0 0  |1 0  |2 ddc  |4 0  |6 320_000000000000000_HEY134  |7 0  |9 21223  |a NUALS  |b NUALS  |d 2018-03-24  |l 8  |m 1  |o 320 HEY'13;4  |p 14838  |q 2019-09-13  |r 2019-09-06  |s 2019-09-06  |w 2018-03-24  |y BK 
952 |0 0  |1 0  |2 ddc  |4 0  |6 320_000000000000000_HEY135  |7 0  |9 21224  |a NUALS  |b NUALS  |d 2018-03-24  |l 10  |m 2  |o 320 HEY'13;5  |p 14839  |r 2019-08-26  |s 2019-08-21  |w 2018-03-24  |y BK